000 00502nam a2200169Ia 4500
003 GCL
008 140319s9999 xx 000 0 ara d
040 _aGCL /
_cGCL
082 0 4 _a746.43
_bن ج
100 1 _aنادية ابراهيم محمد
245 1 0 _aالجديد فى التريكو /
_cنادية ابراهيم محمد
260 _a[S.N] :
_bدار الفاروق للنشر والتوزيع ،
_c1992
300 _a128 ص
490 _a
650 0 4 _aالتريكو
942 _2ddc
_cBK
999 _c34599
_d34599